Eastern Utah Libraries Catalog: Duchesne, Heber, Roosevelt, & Vernal

D.J. Rosenblum becomes the G.O.A.T.* : (Record no. 415941)

MARC details
000 -LEADER
fixed length control field 03001nam a2200481 i 4500
001 - CONTROL NUMBER
control field in903043862
003 - CONTROL NUMBER IDENTIFIER
control field Ingram
005 - DATE AND TIME OF LATEST TRANSACTION
control field 20260304181613.0
008 - FIXED-LENGTH DATA ELEMENTS--GENERAL INFORMATION
fixed length control field 250812s2025 nju d 000 1 eng d
010 ## - LIBRARY OF CONGRESS CONTROL NUMBER
LC control number 2024950889
020 ## - INTERNATIONAL STANDARD BOOK NUMBER
International Standard Book Number 9781646145652
Qualifying information (hardcover)
020 ## - INTERNATIONAL STANDARD BOOK NUMBER
International Standard Book Number 1646145658
Qualifying information (hardcover)
035 ## - SYSTEM CONTROL NUMBER
System control number (OCoLC)1475276701
040 ## - CATALOGING SOURCE
Original cataloging agency TnLvILS
Language of cataloging eng
Description conventions rda
Transcribing agency TnLvILS
Modifying agency TnLvILS
082 04 - DEWEY DECIMAL CLASSIFICATION NUMBER
Classification number [Fic]
Edition number 23/eng/20250812
092 ## - LOCALLY ASSIGNED DEWEY CALL NUMBER (OCLC)
Classification number young adult fiction
Item number White
100 1# - MAIN ENTRY--PERSONAL NAME
Personal name White, Abby,
Relator term author.
9 (RLIN) 6560119
245 10 - TITLE STATEMENT
Title D.J. Rosenblum becomes the G.O.A.T.* :
Remainder of title some angst anxiety assembly required /
Statement of responsibility, etc Abby White.
246 3# - VARYING FORM OF TITLE
Title proper/short title D.J. Rosenblum becomes the G.O.A.T.* :
Remainder of title some assembly required
246 3# - VARYING FORM OF TITLE
Title proper/short title D.J. Rosenblum becomes the greatest of all time* :
Remainder of title some angst anxiety assembly required
246 3# - VARYING FORM OF TITLE
Title proper/short title D.J. Rosenblum becomes the greatest of all time* :
Remainder of title some assembly required
264 #1 - Production, Publication, Distribution, Manufacture, and Copyright Notice.
Place of production, publication, distribution, manufacture Montclair ;
-- Amsterdam ;
-- Hoboken :
Name of producer, publisher, distributor, manufacturer Levine Querido,
Date of production, publication, distribution, manufacture, or copyr 2025.
300 ## - PHYSICAL DESCRIPTION
Extent 330 pages ;
Dimensions 21 cm
336 ## - Content Type
Content type term text
337 ## - Media type
Media type term unmediated
338 ## - Carrier type
Carrier type term volume
500 ## - GENERAL NOTE
General note The words "angst" and "anxiety" are crossed through on the title page and cover.
520 ## - SUMMARY, ETC.
Summary, etc "It's the beginning of the school year-and Briar's newest resident, D.J. Rosenblum, is not here for it. Ever since her cousin Rachel died, D.J.'s family has been a mess: Her aunt and uncle are catatonic. Her mom is even more scatterbrained than usual. She had to postpone her bat mitzvah a whole year. Worst of all, she and her mom had to move-leaving her best friend, Eva, behind. Briar does have one redeeming factor, though: Here, in Rachel's hometown, D.J. can finally get to the bottom of her cousin's death. With the help of a chatty journalist and a queen-bee hacker, D.J. can fill in the last days of Rachel's life. And if she can just figure out her Torah portion-with help from her cute tutor, Jonah-maybe, just maybe, she'll be able to solve a bigger mystery. For fans of Looking for Alaska and Never Have I Ever comes Abby White's debut novel, D.J. Rosenblum Becomes the G.O.A.T. It's a basket of matzo ball soup dumplings for anyone learning to chart their own path, navigate new friendships and crushes, and figure out how to love-and live-after loss"--
586 0# - AWARDS NOTE
Awards note Sydney Taylor Young Adult Winner, 2026
650 #0 - SUBJECT ADDED ENTRY--TOPICAL TERM
Topical term or geographic name as entry element Jewish girls
Form subdivision Juvenile fiction.
9 (RLIN) 5719025
650 #0 - SUBJECT ADDED ENTRY--TOPICAL TERM
Topical term or geographic name as entry element Middle school students
Form subdivision Juvenile fiction.
9 (RLIN) 5678523
650 #0 - SUBJECT ADDED ENTRY--TOPICAL TERM
Topical term or geographic name as entry element Cousins
Form subdivision Juvenile fiction.
9 (RLIN) 5676179
650 #0 - SUBJECT ADDED ENTRY--TOPICAL TERM
Topical term or geographic name as entry element Teenagers and death
Form subdivision Juvenile fiction.
9 (RLIN) 6519700
650 #0 - SUBJECT ADDED ENTRY--TOPICAL TERM
Topical term or geographic name as entry element Sydney Taylor Book Award
9 (RLIN) 6482519
650 #1 - SUBJECT ADDED ENTRY--TOPICAL TERM
Topical term or geographic name as entry element Jewish girls
Form subdivision Fiction.
9 (RLIN) 5719026
650 #1 - SUBJECT ADDED ENTRY--TOPICAL TERM
Topical term or geographic name as entry element Middle school students
Form subdivision Fiction.
9 (RLIN) 5689319
650 #1 - SUBJECT ADDED ENTRY--TOPICAL TERM
Topical term or geographic name as entry element Cousins
Form subdivision Fiction.
650 #1 - SUBJECT ADDED ENTRY--TOPICAL TERM
Topical term or geographic name as entry element Teenagers and death
Form subdivision Fiction.
9 (RLIN) 6560121
655 #0 - INDEX TERM--GENRE/FORM
Genre/form data or focus term Loss (Psychology)
Form subdivision Juvenile fiction.
9 (RLIN) 6560120
655 #1 - INDEX TERM--GENRE/FORM
Genre/form data or focus term Loss
Form subdivision Fiction.
9 (RLIN) 6560122
655 #7 - INDEX TERM--GENRE/FORM
Genre/form data or focus term Novels.
Source of term lcgft
942 ## - ADDED ENTRY ELEMENTS (KOHA)
Source of classification or shelving scheme Dewey Decimal Classification
Koha item type BOOK
Holdings
Withdrawn status Lost status Source of classification or shelving scheme Damaged status Not for loan Collection code Home library Current library Shelving location Date acquired Source of acquisition Total Checkouts Full call number Barcode Date last seen Cost, replacement price Price effective from Koha item type
    Dewey Decimal Classification     Young Adult Fiction Wasatch County Library Wasatch County Library Main Floor Teen Area 03/05/2026 Ingram   YA White 34301002181032 03/05/2026 19.99 03/05/2026 BOOK
This project was made possible through a grant from the Institute of Museum and Library Service administered by the Utah State Library Division.

Wasatch County Library

  • 465 East 1200 South, Heber City, Utah 84032
  • Phone 435-654-1511 | Fax 435-654-6456

Hours

  • Monday - Friday 9:30 AM - 8:00 PM
  • Saturday 9:30 AM - 1:30 PM
  • Closed Sundays and Holidays